Guess the Balkan song by text Part 10 - Statistics

General Stats
  • This quiz has been taken 12 times
  • The average score is 2 of 30
Answer Stats
Hint Answer1 % Correct
Želi da mi skine odijelo Želi to tijelo na mome, kucam Anthony Carmelo Sa njom hladno je vrelo, sa njom crno je bijelo Radi ko roba zbog koje bi se kačio s kartelom Jala Brat - Bad
44%
Dođi na tren tu, nije ni 2 Ko da te znam već godinama Otopit led ću dodirima Taj led između nas Miach feat Grse - Led
33%
Za mnom ćeš žaliti, u bedi stariti Od tvoga tako lepog lica neće ostati ni senka A ti, čuda, gle Lepša nego pre Aca Lukas - Licna karta
22%
Dođe mi da ti se javim, skinem stvari i osetim dah I adrenalin, dok te kradem, mali je grad Al' nisu znali šta ti fali usnama, pa ja namerno — Nucci - Dodje mi da (na na na)
22%
Ljeto beton, stavili smo cisto na sto Mala voli tvrdo, glasno, pa je s nama tu do kasno
Sipala nam led ko Ruskinja, svako je zbog nje isfrustriran
Mala mi ko zvijer sve uzima, nije fer, al' vas kulira
Sajfer feat 2bona - Ulala
22%
To je pravo dete s Balkana, duge noge, nadrkan stav
Zašto samo kada je sama, ona želi isto što i ja
Kume, ne znam da li je prava, ali lepa je kao san Njeno drugo ime je drama, želi sve, odma' i sad
Voyage feat Nucci & Bausa - Jebiga
22%
Pokajah se, pođoh da je vidim Sa namerom za početak novi Tad mi njena stara majka reče "Ja te molim, više je ne zovi" Sinan Sakic - Ne trazi je sine
11%
Ova magija me upija, upija Može dovesti do ludila Al' ja se veselim vedrim jutrima Lutrija mi je život kada uživam Amna - Takva sam
0%
Kučke su lude, to su nijanse Veruj mi burice, nemate šanse Kučke lude, Harli Kvin Ponašam se kao Charlie Sheen Biba feat AV47 - Harli Kvin
0%
Nisi bio ti za duge staze Nek te sada neke druge paze A ja idem da me društvo digne na sto Breskvica - Nisam ti ja mama
0%
Ona je vrh, nevina šema, pička vlažna k'o Niveina krema
Ena, nemam vremena, odo', čeka me žena
Moram, žurim užasno i pozdravi mi muža svog Slušam tužan song, sreću u pluća pruža bong
Buba Corelli - Savrsen zlocin
0%
Ceo lokal kolkô košta, neka košta Alo momak, sipaj da pročistim vokal Da je vidi monah, on odrekô bi se Boga Alo ortak, shvati, ortak nije ortak Coby feat Hajra Bojadzija - Ziva rana
0%
Hteo sam da budem superheroj tvoj, kao Tony Stark
Pa se krio sjaj od očiju tih kada padne mrak
A kad dišu mi za vratom, rekla si ne spuštaj gard U toj džungli budi lav, uzmi šta ti pripada
Corona - Astronaut
0%
Doć ću s bandom da te vodim, odma' stvari pakuj sve (Pakuj se) Kocka, alkohol i droga sad mi ništa ne može (Ne može) Najljepša odijela, auta, haljine, haljine Ništa sutra, danas zovi svatove, svatove (Odma') Cunami - Pare proklete
0%
Non-stop gori Instagram zbog nje Kad je pijana, story, na stolu Moët Sori, sori, opet zbog nje imam problem Njeno dupe je van kontrole Devito feat Leon - Alal vera
0%
Repetiram glok dok u oči te gledam Osećam strah, više nisi tako besan Nisi vid'o to da ti se sprema Uradiću ti sve što dosad nije nijedna Elena - Bang Bang
0%
Na njoj croptop, sve top, vitka k'o Bambi
Jebeš pop-rock, u autu svira Carti
Vikend na Jakarti, ne mo'š me nać na karti
Grše bil ka' Bounty, sjaji ka brilijanti
Grse feat Bambino & Franz - Shimmy
0%
Moj si broj, moja boja, motiv moj i moja mana Pozivi tvoji su moja tamna noć, ko i zora rana Moja si paranoja, a vodiš pravo do raja Dolaziš lagano, al' lomiš jako do kraja Igor Buzov feat Ivana Boom Nikolic - Budva
0%
I za pedeset godina Ti ćeš mi biti sudbina Jer samo ti si narod moj Ti si mi zemlja jedina Indira Radic - Pedeset godina
0%
Ovde kad rasteš znaju te zgrade, znaju te ulice, zna te i grad
Klupice pamte noći i dane, na prste ti stane ko ti je brat
Karadin & Vule Vu - Znaju te zgrade
0%
Rado bih prenio na papir mama svu ovu bol Koja me izjeda iznutra kô na ranama sol Znam da nad nam je Bog, i da je za tebe dobro Da si našla novim dom, al' zašto nisam mogô s tobom Klijent feat Jala - Volim te
0%
Hajmo bacat listić dok ima sigurica Vazda igram srcem, ne mogu protiv Leeds-a Iz X-a u dvicu, dojava za Nicu Polovimo bratski, pa upadnemo u špicu Kontra feat Frenkie & Shtuka & Indigo - Bratmoi
0%
Metropola i selo istovremeno S gradskim kurvama sam ljakse Al' seljake na gradsku priču jebemo Beli grad, crne misli, zlatan sat, plus Lacku feat Arafat - 366 dana
0%
Osjeti me i miris mog Hugo Bossa Tvoja raja bosa snima na minus osam Stil je klošarski jer sam klošar To je pičkasto pojasom vezan vozač Los sin feat Jala - Dejan Matic
0%
Vreba iz mraka lavica iz zodijaka Crna i jaka, baca me ko Paris-Dakar Pravo iz pakla, ne bi li me tamo makla A iz mog pakla samo čuješ blakka-blakka Medi - Azizi
0%
I just wanna fuck you Kurvo, slušaj novu traku (Yeah) Opet šaramo po staklu Ove linije kô Wagyu (Yeah) Nikolija - Berliner
0%
Da me voliš kô nikoga si mi pričala Tako hladno za malo me, srećo, izdala Rekô sam, neću da vidim te više nikada Jer ove oči bi za sekund opet imala Relja feat Maya Berovic - Habibi
0%
Ona mi je život bila Hej druže moj Sad kad više moja nije Ja sanjam o njoj Saban Saulic - Vidjas li mi staru ljubav
0%
Ne menjamo dres, nek ga puši žandar Na koga prvo pomisliš kad se čuje gavran Nemoj da očekuješ ono čemu se nadaš Nekom samo faza, nekom drugom nema nazad Seksi - Intro (Ne menjamo dres)
0%
Dva su tela koja se vole Dve su duše postale gole Pod bluzom daj da mi gori Tik-tak, nestajem, telo me boli Teodora Scepanovic - Mokra bluza
0%
No matching quizzes found
Score Distribution
Percent of People with Each Score
Percentile by Number Answered
Your Score History
You have not taken this quiz